सगीर और उसकी बस्ती के लोग / (Record no. 115402)

MARC details
000 -LEADER
fixed length control field 00966nam a22002537a 4500
005 - DATE AND TIME OF LATEST TRANSACTION
control field 20170124103023.0
010 ## - LIBRARY OF CONGRESS CONTROL NUMBER
LC control number A-582903
020 ## - INTERNATIONAL STANDARD BOOK NUMBER
Terms of availability 40.00
035 ## - SYSTEM CONTROL NUMBER
System control number A-582903
037 ## - SOURCE OF ACQUISITION
Source of stock number/acquisition Cen Lib/Ret
040 ## - CATALOGING SOURCE
Original cataloging agency DPL
Language of cataloging HN
082 ## - DEWEY DECIMAL CLASSIFICATION NUMBER
Classification number
Item number भटना
100 ## - MAIN ENTRY--PERSONAL NAME
Personal name भटनागर, हरि
9 (RLIN) 61294
245 ## - TITLE STATEMENT
Title सगीर और उसकी बस्ती के लोग /
Statement of responsibility, etc हरि भटनागर
246 ## - VARYING FORM OF TITLE
Title proper/short title Sageer aur uski basti ke log /
Remainder of title by Hari Bhatnagar
260 ## - PUBLICATION, DISTRIBUTION, ETC. (IMPRINT)
Place of publication, distribution, etc इलाहाबाद
Name of publisher, distributor, etc भारती भारती
Date of publication, distribution, etc 1992
270 ## - ADDRESS
Address 1, बाई का बाग
City इलाहाबाद
Postal code 211 003
300 ## - PHYSICAL DESCRIPTION
Extent 128पृ.
Dimensions 17सेमी (सजिल्द)
650 ## - SUBJECT ADDED ENTRY--TOPICAL TERM
Topical term or geographic name as entry element हिन्दी -- साहित्य
9 (RLIN) 61295
650 ## - SUBJECT ADDED ENTRY--TOPICAL TERM
Topical term or geographic name as entry element हिन्दी -- कहानी
9 (RLIN) 779
650 ## - SUBJECT ADDED ENTRY--TOPICAL TERM
Topical term or geographic name as entry element Hindi -- Literature
9 (RLIN) 61296
650 ## - SUBJECT ADDED ENTRY--TOPICAL TERM
Topical term or geographic name as entry element Hindi -- Story
9 (RLIN) 43117
942 ## - ADDED ENTRY ELEMENTS (KOHA)
Source of classification or shelving scheme Dewey Decimal Classification
Koha item type Hindi Books
Classification part
Call number suffix भटना
Holdings
Withdrawn status Lost status Damaged status Not for loan Home library Current library Date acquired Source of acquisition Cost, normal purchase price Total Checkouts Full call number Barcode Date last seen Copy number Cost, replacement price Price effective from Koha item type Public note
Written off       Central Library Central Library 20/08/2015 Cen Lib/Ret 40.00   क भटना A-582903 20/08/2015 1 40.00 20/08/2015 Hindi Books Written off on approval by DLB (By Circulation); dtd 15-06-2023

© Delhi Public Library
Hit Counter
free hit counter